000
00271nam a2200109Ia 4500
008
220204s9999 xx 000 0 und d
082
_a
82-3
_b
MAS
100
_a
Masterson, Louis
245
0
_a
No. 29 New orleans gamble
260
_a
Great Britain
_b
Corgi
_c
1975
942
_c
BK
999
_c
31034
_d
31034